00525nam a2200145Ia 4500008004100000020001800041041000800059082001500067100003200082245018000114250000600294260004500300300001400345650002000359210716s2009 xx 000 0 und d a9780195691658 aeng a174.4 CRAA aCrane, Andrew;Matten, Dirk. aBusiness ethics: managing corporate citizenship and sustainability in the age of globalization.bManaging corporate citizenship and sustainability in the age of globalization. a1 aNew DelhibOxford University Pressc2009 axxiii,566 aBusiness Ethics